Enciclopedia Dominicana (Registro nro. 1799)
[ vista simple ]
| 000 -LEADER | |
|---|---|
| fixed length control field | 00609nam a22002051a 4500 |
| 001 - CONTROL NUMBER | |
| control field | 1799 |
| 003 - CONTROL NUMBER IDENTIFIER | |
| control field | OSt |
| 005 - DATE AND TIME OF LATEST TRANSACTION | |
| control field | 20260204211747.0 |
| 008 - FIXED-LENGTH DATA ELEMENTS--GENERAL INFORMATION | |
| fixed length control field | 040122s1999||||dr ||||||b||||||||||spa|| |
| 020 ## - NUMERO DE LIBRO INTERNACIONAL NORMALIZADO | |
| International Standard Book Number | 9768156341 |
| 050 ## - LIBRARY OF CONGRESS CALL NUMBER | |
| Classification number | RDR 036.7293 E56d |
| 082 ## - DEWEY DECIMAL CLASSIFICATION NUMBER | |
| Classification number | RRD 036.7293 E56d |
| 245 ## - TÍTULO PROPIAMENTE DICHO: SUBTÍTULO | |
| Title | Enciclopedia Dominicana |
| 250 ## - MENCIÓN DE EDICIÓN | |
| Edition statement | 5 |
| 264 ## - PRODUCTION, PUBLICATION, DISTRIBUTION, MANUFACTURE, AND COPYRIGHT NOTICE | |
| Place of production, publication, distribution, manufacture | Santo Domingo : Enciclopedia Dominicana |
| 300 ## - PHYSICAL DESCRIPTION | |
| Extensión | 8. Tomos |
| 505 ## - NOTA DE CONTENIDO | |
| Formatted contents note | Tomo 1. desde la letra A-BRIT.2 BUC-D T.3 E-HER T.4 HE-MON T.5 MON-PET T.6 PET-SAN T.7 SAN T.8 SAN-Z T.9 Antología |
| 650 ## - ASIENTO SECUNDARIO DE MATERIA -- TERMINO TEMÁTICO | |
| Termino Temático Como Elemento de Entrada | 1.Enciclopedia DominicanaÌ |
| 942 ## - ADDED ENTRY ELEMENTS (KOHA) | |
| Source of classification or shelving scheme | Dewey Decimal Classification |
| Koha item type | Libros |
| Withdrawn status | Lost status | Source of classification or shelving scheme | Damaged status | Not for loan | Current library | Date acquired | Total Checkouts | Full call number | Barcode | Date last seen | Price effective from | Koha item type |
|---|---|---|---|---|---|---|---|---|---|---|---|---|
| Dewey Decimal Classification | Biblioteca UTECO | 09/09/2019 | RD-R 036.7293 E56D | 004709 | 09/09/2019 | 09/09/2019 | Libros | |||||
| Dewey Decimal Classification | Biblioteca UTECO | 09/09/2019 | RD-R 036.7293 E56D | 004710 | 09/09/2019 | 09/09/2019 | Libros | |||||
| Dewey Decimal Classification | Biblioteca UTECO | 09/09/2019 | RD-R 036.7293 E56D | 004711 | 09/09/2019 | 09/09/2019 | Libros | |||||
| Dewey Decimal Classification | Biblioteca UTECO | 09/09/2019 | RD-R 036.7293 E56D | 004712 | 09/09/2019 | 09/09/2019 | Libros | |||||
| Dewey Decimal Classification | Biblioteca UTECO | 09/09/2019 | RD-R 036.7293 E56D | 004713 | 09/09/2019 | 09/09/2019 | Libros | |||||
| Dewey Decimal Classification | Biblioteca UTECO | 09/09/2019 | RD-R 036.7293 E56D | 004714 | 09/09/2019 | 09/09/2019 | Libros | |||||
| Dewey Decimal Classification | Biblioteca UTECO | 09/09/2019 | RD-R 036.7293 E56D | 004715 | 09/09/2019 | 09/09/2019 | Libros | |||||
| Dewey Decimal Classification | Biblioteca UTECO | 09/09/2019 | RD-R 036.7293 E56D | 004716 | 09/09/2019 | 09/09/2019 | Libros |
